Prueba de Canadá - Estadísticas

Estadísticas generales
  • Esta prueba ha sido intentada 2.668 veces
  • La puntuación promedio es 8 de 21
Estadísticas de respuestas
Pista Respuesta % Correcto
Capital Ottawa
97%
La ciudad más poblada Toronto
87%
El deporte más popular entre los espectadores Hockey sobre hielo
81%
Provincia que habla mayormente francés Quebec
74%
La ciudad más poblada de la respuesta anterior Montreal
60%
Objeto en la bandera Hoja de {arce}
59%
La provincia más poblada Ontario
44%
Primer Ministro elegido en 2015 Justin Trudeau
40%
¿Quién es, oficialmente, la jefa de estado de Canadá? Carlos II
35%
Animal nacional Castor
30%
El país que es la mayor fuente de residentes nacidos en el extranjero China
27%
Himno nacional O Canada
23%
La isla más grande Isla de Baffin
22%
Ciudad anfitriona de la "estampida" anual Calgary
20%
La provincia más pequeña Isla del Príncipe Eduardo
19%
Fiesta celebrada el segundo lunes de octubre Acción de Gracias
16%
El asentamiento vikingo se estableció alrededor del año 1000 d.C. {Vin}land
16%
La estructura independiente más alta Torre CN
14%
La delicadeza canadiense de papas fritas, salsa y cuajada de queso Poutine
13%
El parque nacional más antiguo Banff
10%
El pájaro que aparece en la moneda de un dólar de Canadá Somorgujo
4%
No se encontraron pruebas coincidentes
Distribución de puntuación
Porcentaje de gente con cada puntuación
Porcentaje por número respondido
Historial de tus puntuaciones
No has intentado esta prueba.